Informática : sistemas operativos, Windows, utilitarios, graficación, multimedia y animación, programación, Internet

Gespeichert in:
Bibliographische Detailangaben
Weitere Verfasser: Caraballo, Silvina G. Cicala, Rosa A. Díaz, Bibiana H. Santurio, Wilson R. Mérega, Herminia
Format: Software E-Book
Sprache:Spanisch
Erschienen: Buenos Aires : 2004.
Ausgabe:1ª ed.
Katalog:BNM:  Suchergebnis im Bibliothekskatalog
Schulbuchspezifische Eigenschaften:
Schriftenreihe:Santillana Polimodal
Schlagworte:
Tags: Tag hinzufügen
Keine Tags, Fügen Sie den ersten Tag hinzu!
Hinzugefügt zu:11.05.2005
Geändert in:08.02.2022

MARC

LEADER 00000cam a22000004a 4500
003 AR-BaBNM
005 20220208065516.0
007 ta
007 co |||||||||||
007 cj ||||||
008 050512s2004 ag a|||d |||||||||||spa|d
020 |a 950-46-0579-6 
035 |a 000000948 
040 |a AR-BaBNM  |b spa  |e aacr 
080 |a 654 
245 0 0 |a Informática :  |b sistemas operativos, Windows, utilitarios, graficación, multimedia y animación, programación, Internet /  |c Silvina G. Caraballo, Rosa A. Cicala, Bibiana H. Díaz. 
250 |a 1ª ed. 
260 |a Buenos Aires :  |b Santillana,  |c 2004. 
300 |a 319 p. :  |b il. +  |e 1 disquete + 1 CD 
490 0 |a Santillana Polimodal 
650 4 |a Informática  |9 8566  |a Lenguajes de programación  |9 8751  |a Internet  |9 8634  |a Educación polimodal  |9 7628  |a Educación secundaria  |9 7637 
655 4 |a Libros de texto 
700 1 |a Caraballo, Silvina G.  |a Cicala, Rosa A.  |a Díaz, Bibiana H.  |a Santurio, Wilson R.  |a Mérega, Herminia  |9 14116 
942 |2 udc  |c KIT 
996 |a D-MECYT-PROMSE-2005 
999 |c 36849  |d 36849 
999 |c KOHA-OAI-TEST:36849  |d 36849